Top 20 Most Famous MLB Baseball 20 Win Pitchers - Statistics

General Stats
  • This quiz has been taken 750 times
  • The average score is 10 of 20
Answer Stats
% Latest Player % Correct
83 2002 Randy Johnson
81%
83 1980 Tommy John
81%
82 2014 Clayton Kershaw
77%
79 2001 Roger Clemens
73%
78 2011 Justin Verlander
71%
74 1993 Greg Maddux
69%
72 1974 Nolan Ryan
66%
71 2002 Pedro Martinez
65%
69 1990 Ramon Martinez
64%
67 1998 Tom Glavine
57%
59 1996 John Smoltz
53%
62 2013 Max Scherzer
51%
57 2010 C.C. Sabathia
43%
61 2004 Curt Schilling
40%
55 2010 Roy Halladay
40%
50 2008 Cliff Lee
28%
61 2012 David Price
25%
53 2003 Andy Pettitte
24%
59 2014 Adam Wainwright
19%
49 2012 Jered Weaver
9%
No matching quizzes found
Score Distribution
Percent of People with Each Score
Percentile by Number Answered
Your Score History
You have not taken this quiz